000 00663nam a2200253Ia 4500
003 OSt
005 20221007102341.0
006 a|||||r|||| 00| 0
007 ta
008 221006b |||||||| |||| 00| 0 eng d
020 _a0406176019
024 _a10,112
037 _cTextual
040 _aLCO
_cLCO
_beng
041 _2eng
_aeng
082 _aZ3,925, M4
100 _aDenning Lord
_9704469
245 0 _aLand Marks in the Law
260 _aNew
_bDelhi Lexis, Nexis Butterworths India
_c1984
300 _a394
650 _aLAND MARKS IN THE LAW
_9704470
942 _hZ3,925, M4
_cTEXL
999 _c1179675
_d1179675